Twenty one pilots screaming 2 - Statistics

General Stats
  • This quiz has been taken 16 times
  • The average score is 9 of 15
Answer Stats
Hint Answer % Correct
CAN YOU SAVE Heavydirtysoul
92%
ADDRESS MY SOUL City walls
77%
YEAH I'LL LIVE ON Semi-automatic
77%
STAY QUIET The contract
69%
CHECK IN At the risk of feeling dumb
62%
EVEN NOW Drum show
62%
PLEASE TELL THEM Ode to sleep
62%
CHANCES ARE HIGH One way
62%
SET ME FREE The judge
62%
TAKE WHAT YOU WANT Center mass
54%
REIGN DOWN Implicit demand for proof
54%
FALL APPART Fall away
46%
FIND ME Polarize
38%
KEEPING TRACKS Tally
38%
ALRIGHT Legend
15%
No matching quizzes found
Score Distribution
Percent of People with Each Score
Percentile by Number Answered
Your Score History
You have not taken this quiz